| 000 | 01293nas a2200265 4500 | ||
|---|---|---|---|
| 999 |
_c401 _d401 |
||
| 003 | AR-BaISA | ||
| 005 | 20220512144852.0 | ||
| 007 | ta | ||
| 008 | 961126s1994 it ad ||| ||spa d | ||
| 020 | _a9253031492 | ||
| 022 | _210143173 | ||
| 040 | _cAR-BaISA | ||
| 082 | 0 | 4 |
_222 _a633.18 J943 |
| 100 | 1 | 0 |
_aJuliano, Bienvenido O. _91002 _eaut. |
| 245 | 1 | 3 |
_aEl arroz en la nutrición humana / _cBienvenido O. Juliano |
| 260 |
_aRoma: _bOrganización de las Naciones Unidas para la Agricultura y la Alimentación, _c1994 |
||
| 300 |
_aXVI, 176 p.: _bil., graf.; _c21 cm |
||
| 490 | 1 |
_aColeccion FAO. Alimentación y nutrición _v; N° 26 |
|
| 504 | _aBibliografía p: 149-176 | ||
| 505 |
_tConsumo de arroz y problemas nutricionales en los países consumidores -- _tEstructura y composición del grano y criterios del consumidor sobre su calidad -- _tValor nutritivo del arroz y de las dietas a base de arroz -- _tTratamiento postcosecha, sancochado o precocción y preparación doméstica -- _tPrincipales productos elaborados de arroz -- _tRetos y perspectivas |
||
| 650 | 1 | 4 |
_aArroz _xconsumo _91003 |
| 710 | 2 | 1 |
_aOrganización de las Naciones Unidas para la Agricultura y la Alimentación _9996 |
| 830 |
_aColeccion FAO. Alimentación y nutrición _92184 _v; N° 26 |
||
| 942 |
_2ddc _cLI |
||